| 000 | 00912pam a2200301 a 4500 | ||
|---|---|---|---|
| 001 | 1861357 | ||
| 003 | OSt | ||
| 005 | 20170404165916.0 | ||
| 008 | 821108s1983 ctua b 001 0 eng | ||
| 010 | _a 82022629 | ||
| 020 | _a083857033X (pbk.) | ||
| 040 |
_aDLC _cDLC _dDLC |
||
| 050 | 1 | 0 |
_aRT41 _b.Y87 1983 |
| 060 | _aWY 100 Y95n | ||
| 082 |
_aWY 100 _bY9n 1983 |
||
| 100 | 1 |
_aYura, Helen, _912025 |
|
| 245 | 1 | 4 |
_aThe nursing process : _bassessing, planning, implementing, evaluating / _cHelen Yura, Mary B. Walsh. |
| 250 | _a4th ed. | ||
| 260 |
_aNorwalk, Conn. : _bAppleton-Century-Crofts, _c1983. |
||
| 300 |
_axviii, 364 p. : _bill. ; _c23 cm. |
||
| 500 | _aIncludes index. | ||
| 504 | _aBibliography: p. 331-352. | ||
| 650 | 0 |
_aNursing. _9135 |
|
| 650 | 2 |
_aNursing process. _911629 |
|
| 700 | 1 |
_aWalsh, Mary B. _912026 |
|
| 906 |
_a7 _bcbc _corignew _d1 _eocip _f19 _gy-gencatlg |
||
| 942 |
_2z _cO_SHELF |
||
| 999 |
_c5790 _d5790 |
||